La naturaleza del gobierno peronista /

में बचाया:
ग्रंथसूची विवरण
मुख्य लेखक: Kaplan, Marcos
अन्य लेखक: GOBIERNO SISTEMAS POLITICOS ARGENTINA DICTADURA CAPITALISMO
स्वरूप: मूलपाठ
टैग: टैग जोड़ें
कोई टैग नहीं, इस रिकॉर्ड को टैग करने वाले पहले व्यक्ति बनें!

MARC

LEADER 00000 a a2200000 04500
001 41730
003
040
100 |a Kaplan, Marcos  
245 |a La naturaleza del gobierno peronista /  |c Marcos Kaplan  
700 |a GOBIERNO SISTEMAS POLITICOS ARGENTINA DICTADURA CAPITALISMO  
773 |g volumen3, número11 ( , 1972), páginas 77-94  
999 |c 35636  |d 35636